Statistics for Arctic Monkeys Lyrics - R U Mine?

Click here to take the quiz!

General Stats

  • This quiz has been taken 166 times
  • The average score is 250 of 297

Answer Stats

Lyrics% Correct
I
100%
a
99%
"You
97%
you
97%
hear
96%
is
96%
are
95%
(Are
95%
Are
95%
"Are
95%
mine?
95%
mine?"
95%
mine
95%
mine,
95%
mine?)
95%
when
95%
on
94%
wanna
93%
Wanna
93%
I'm
92%
to
92%
an
91%
and
91%
And
91%
me,
91%
me
91%
say,
91%
say
91%
my
90%
the
90%
be
89%
her
89%
In
89%
in
89%
can't
88%
go
88%
like
88%
where
88%
all
87%
myself,
87%
space
87%
time
87%
time-
87%
feels
86%
help
86%
memory
86%
satisfaction
86%
distant
85%
here
85%
she's
85%
She's
85%
'cause
84%
crazy
84%
isn't
84%
Island,
83%
puppet
83%
silver
83%
string
83%
not
82%
open
82%
there
82%
beside
81%
mind
81%
So
80%
for
79%
Lone
79%
right
79%
through
79%
too
79%
ranger
78%
Tracy
78%
Just
77%
just
77%
lining
76%
riding
76%
deep
75%
of
74%
baby
73%
find
73%
what
73%
come
72%
end
72%
late,
72%
traveling
72%
Years
72%
trying
71%
days
70%
(Or
70%
tonight?)
70%
Diamond
69%
some
69%
need
68%
guess
67%
away
66%
morning
66%
escape,
65%
Great
65%
Keep
65%
lost
65%
tomorrow?)
65%
track
65%
Well,
65%
misbehaving
64%
desire
63%
imagining
63%
velvet
63%
entire
62%
shaped
62%
wished
60%
got
59%
mysterious
59%
ways
59%
cutter-
58%
lifetimes
58%
we're
58%
climbing
56%
moves
56%
case,
54%
heartaches
54%
meeting,
54%
somewhere
53%
chase
51%
mistaken,
50%
thrill
47%
Unfair
47%
four
43%
That
37%
ah
35%
Woah,
23%

Score Distribution

Percentile by Number Answered

Percent of People with Each Score

Your Score History

You have not taken this quiz